00830nam a2200217 a 4500008004100000020001500041050001600056100002800072245004700100246003200147260003900179300002100218350000900239490003000248650004100278650002700319650002500346995010100371999001700472952012300489070213s2005 ||||||||||||||||| || u a0486442349 aQA 241 Dic. aDickson, Leonard Eugene10aHistory of the theory of numbers, vol. III aquardratic and higher forms aNew YorkbDover Publicationsc2005 av , 313p. : ill. a0.00 aDove books on mathematics 0aMATHEMATICS--HANDBOOKS, MANUALS, ETC aNUMBER THEORY--HISTORY aMATHEMATICS--HISTORY D0.00FCBU-MAIN LIBRARY (Kitwe)H1I0.00M1UAVAILABLEWFeb 13, 2007ZAnnex Low-Usage Collection  c45616d45616 00102lcc4070a001b001cAnnex Low-Usage Collection d2022-11-30l0oQA 241 Dic.p53027r2022-11-30w2022-11-30y002